000 00428nam a2200157Ia 4500
008 221030s9999 xx 000 0 und d
020 _a8170089537
041 _aEnglish
100 _aS. Maheshwari
245 0 _aDatabase Management Systems : Complete Practical Approach
_cby S. Maheshwari, R. Jain
260 _bFire Wall Media
_aNew Delhi
_c2016
300 _a656
650 _aComputers
700 _aR. Jain
942 _cBK
999 _c17203
_d17203